| 000 | 00416nam a2200145Ia 4500 | ||
|---|---|---|---|
| 008 | 220214s9999 xx 000 0 und d | ||
| 022 | _a0190-4167 | ||
| 245 | 0 | _aJOURNAL OF PLANT NUTRITION | |
| 260 |
_bMarcel Dekker, New York _aUSA |
||
| 310 | _aM | ||
| 500 | _aEnding Volume & Year: 13, 1990 | ||
| 500 | _aMissing Volume: 3-6;8(12);9(1-6;12);11(12);12 | ||
| 500 | _aStarting Volume & Year: 1, 1979 | ||
| 942 | _cBJ | ||
| 999 |
_c14178 _d14178 |
||